Human Resource Management in the Postsocialist Region of Central and Eastern Europe
Uložené v:
| Hlavný autor: | |
|---|---|
| Ďalší autori: | , , , , |
| Médium: | Kapitola |
| Jazyk: | English |
| Predmet: | |
| Tagy: |
Žiadne tagy, Buďte prvý, kto otaguje tento záznam!
|
MARC
| LEADER | 00000naa$a2200000$$$4500 | ||
|---|---|---|---|
| 001 | 0308436 | ||
| 005 | 20250505085758.6 | ||
| 041 | 0 | |a eng | |
| 044 | |a GB | ||
| 245 | 1 | 0 | |a Human Resource Management in the Postsocialist Region of Central and Eastern Europe |c Michael J. Morley, Andrej Kohont, József Poór, Rūta Kazlauskaitė, Veronika Kabalina, Jana Blštáková |
| 610 | 2 | 0 | |a riadenie ľudských zdrojov |
| 610 | 2 | 0 | |a stredná Európa |
| 610 | 2 | 0 | |a východná Európa |
| 610 | 2 | 0 | |a kapitál ľudský |
| 610 | 2 | 0 | |a regióny |
| 100 | 1 | |a Morley, Michael | |
| 700 | 1 | |a Kohont, Andrej | |
| 700 | 1 | |a Poór, József | |
| 700 | 1 | |a Kazlauskaitė, Rūta | |
| 700 | 1 | |a Kabalina, Veronika | |
| 700 | 1 | |a Blštáková, Jana, 1980- | |